000 00589nam a22001577a 4500
003 OSt
005 20151101145403.0
008 151101b xxu||||| |||| 00| 0 eng d
040 _cRUA
082 _aFOR ឡុង 1991 B116 Or.1
100 _93148
_aឡុង ប៉ុណ្ណារិទ្ធ
245 _aសុវុឌ្ឍិកម្មព្រៃគុប ឆ្នាំ ១៩៨៧ អនុតំបន់ ១៨ នៅស្រុកស្នួល ខេត្តក្រចេះ
260 _aPhnom Penh
_bRUA
_c1991
300 _a110p.
_bill.
_c29cm.
942 _2ddc
_cFOR
999 _c2937
_d2937